| 000 | 01356nam a2200361Ia 4500 | ||
|---|---|---|---|
| 003 | OSt | ||
| 005 | 20221007124654.0 | ||
| 006 | a|||||r|||| 00| 0 | ||
| 007 | ta | ||
| 008 | 221006b |||||||| |||| 00| 0 eng d | ||
| 020 | _a9780199667932 (pbk) | ||
| 024 | _a192480 | ||
| 037 |
_b812, 18/03/2015, Dhanraj Book House _cTextual |
||
| 040 |
_aCDL _cCDL _beng |
||
| 041 |
_2eng _aeng |
||
| 082 | _aE, P9-;3 Carc | ||
| 100 |
_aBurrows Andrew _9697776 |
||
| 245 | 0 |
_aChemistry: introducing inorganic, organic and physical chemistry _b Holman John Parsons Andrew Pilling Gwen Price Gareth |
|
| 260 |
_aNew _byork Oxford _c2009 |
||
| 300 |
_axviii, 1397p. col. ill. _ccm. |
||
| 500 | _aAppendix 1-11 1323-1367p.; Index 1378-1397p.; Reprint 2012 | ||
| 650 |
_a Energy and thermochemistry _9720054 |
||
| 650 |
_a Isomerism and stererochemistry _9720055 |
||
| 650 |
_a Phase equilibrium and solutions _9720056 |
||
| 650 |
_a Reaction kinetics _9720057 |
||
| 650 |
_aDiatomic molecules _9716663 |
||
| 700 |
_a Holman John _9720058 |
||
| 700 |
_a Parsons Andrew _9720059 |
||
| 700 |
_a Pilling Gwen _9720060 |
||
| 700 |
_a Price Gareth _9720061 |
||
| 942 |
_hE, P9-;3 Carc _cTEXL _2CC |
||
| 999 |
_c1213902 _d1213902 |
||